000
00279nam a2200121Ia 4500
005
20251222141816.0
008
251222s9999||||xx |||||||||||||| ||spa||
082
_a
379.2/A61
100
_a
Ansión Mallet, Juan
245
0
_a
Anhelos y Sinsabores:
264
_b
Gredes
942
_c
LIB
999
_c
6632
_d
6632